[Event "Lugansk Stanitsa"]
[Site "Lugansk"]
[Date "2010.12.19"]
[Round "6"]
[White "Kuzmin, Gennadi P"]
[Black "Blednov, Stanislav"]
[Result "1/2-1/2"]
[WhiteElo "2429"]
[BlackElo "2360"]
[PlyCount "36"]
[EventDate "2010.12.16"]
[EventType "tourn"]
[EventRounds "9"]
[EventCountry "UKR"]
[EventCategory "6"]
[SourceTitle "CBM 140 Extra"]
[Source "ChessBase"]
[SourceDate "2011.03.01"]
[SourceVersion "1"]
[SourceVersionDate "2011.03.01"]
[SourceQuality "1"]

1. e4 e5 2. Nf3 Nc6 3. Bb5 Nf6 4. 0-0 Nxe4 5. d4 Nd6 6. Bg5 Be7 7. Bxe7 Qxe7 8. Bxc6 dxc6 9. dxe5 Nf5 10. Nc3 Be6 11. Qd2 0-0 12. Ne4 h6 13. Rad1 Rfd8 14. Qc3 Bd5 15. Rfe1 Bxe4 16. Rxd8+ Rxd8 17. Rxe4 c5 18. Re1 Nd4 1/2-1/2

[Event "Alushta Autumn 1st"]
[Site "Alushta"]
[Date "2010.09.11"]
[Round "13"]
[White "Sharevich, Anna"]
[Black "Kuzmin, Gennadi P"]
[Result "0-1"]
[WhiteElo "2253"]
[BlackElo "2431"]
[PlyCount "98"]
[EventDate "2010.09.02"]
[EventType "tourn"]
[EventRounds "14"]
[EventCountry "UKR"]
[EventCategory "6"]
[SourceTitle "CBM 138 Extra"]
[Source "ChessBase"]
[SourceDate "2010.10.29"]
[SourceVersion "1"]
[SourceVersionDate "2010.10.29"]
[SourceQuality "1"]

1. d4 Nf6 2. c4 c5 3. d5 e6 4. Nc3 exd5 5. cxd5 d6 6. Nf3 g6 7. g3 Bg7 8. Bg2 0-0 9. 0-0 Na6 10. h3 Nc7 11. e4 b5 12. e5 Nfe8 13. Bg5 f6 14. exd6 Nxd6 15. Bf4 Bb7 16. Nd2 f5 17. Nb3 Na6 18. Bxd6 Qxd6 19. Na5 Rab8 20. Nxb5 Qb6 21. Qa4 Ba8 22. Na3 Qb4 23. Qxb4 Nxb4 24. N3c4 f4 25. gxf4 Nxd5 26. Rad1 Nxf4 27. Bxa8 Rxa8 28. Kh2 Rf5 29. Rfe1 Rh5 30. Re3 Bd4 31. Rf3 Rf8 32. Rd2 g5 33. Ne3 Ng6 34. Rxf8+ Kxf8 35. Nc6 Nf4 36. Nxd4 Rxh3+ 37. Kg1 cxd4 38. Rxd4 Ne2+ 39. Kg2 Rxe3 40. fxe3 Nxd4 41. exd4 Ke7 42. Kf3 Kd6 43. b4 Kd5 44. Ke3 h5 45. a4 h4 46. b5 h3 47. Kf2 Kxd4 48. a5 Kc5 49. b6 axb6 0-1

[Event "Alushta Autumn 1st"]
[Site "Alushta"]
[Date "2010.09.10"]
[Round "12"]
[White "Kuzmin, Gennadi P"]
[Black "Kharchenko, Boris"]
[Result "1/2-1/2"]
[WhiteElo "2431"]
[BlackElo "2442"]
[PlyCount "65"]
[EventDate "2010.09.02"]
[EventType "tourn"]
[EventRounds "14"]
[EventCountry "UKR"]
[EventCategory "6"]
[SourceTitle "CBM 138 Extra"]
[Source "ChessBase"]
[SourceDate "2010.10.29"]
[SourceVersion "1"]
[SourceVersionDate "2010.10.29"]
[SourceQuality "1"]

1. c4 e5 2. Nc3 Nf6 3. g3 d5 4. cxd5 Nxd5 5. Bg2 Nb6 6. Nf3 Nc6 7. 0-0 Be7 8. e3 Bg4 9. h3 Be6 10. d4 exd4 11. exd4 0-0 12. Ne4 Qc8 13. Kh2 Rd8 14. Be3 Bf5 15. Nc3 Bf6 16. Rc1 Nb4 17. Qb3 N4d5 18. Nxd5 Nxd5 19. Bd2 c6 20. Rfe1 Qc7 21. Ng5 Qb6 22. Nf3 Qxb3 23. axb3 h6 24. Ra1 Be6 25. Bc3 Nb6 26. b4 Bd5 27. Ne5 Bxg2 28. Kxg2 Rd5 29. Ra5 a6 30. Rxd5 Nxd5 31. Nc4 Kf8 32. Na5 Rb8 33. Nb3 1/2-1/2

[Event "Alushta Autumn 1st"]
[Site "Alushta"]
[Date "2010.09.08"]
[Round "11"]
[White "Sitnikov, Anton"]
[Black "Kuzmin, Gennadi P"]
[Result "1/2-1/2"]
[WhiteElo "2482"]
[BlackElo "2431"]
[PlyCount "95"]
[EventDate "2010.09.02"]
[EventType "tourn"]
[EventRounds "14"]
[EventCountry "UKR"]
[EventCategory "6"]
[SourceTitle "CBM 138 Extra"]
[Source "ChessBase"]
[SourceDate "2010.10.29"]
[SourceVersion "1"]
[SourceVersionDate "2010.10.29"]
[SourceQuality "1"]

1. Nf3 Nf6 2. d4 c5 3. c3 e6 4. Bf4 Nc6 5. e3 d5 6. a3 Bd6 7. Bxd6 Qxd6 8. b4 cxd4 9. cxd4 0-0 10. Nc3 Bd7 11. Be2 Rfc8 12. Qb3 e5 13. 0-0 exd4 14. Nb5 Qe7 15. Nbxd4 a5 16. h3 axb4 17. axb4 h6 18. b5 Nxd4 19. Nxd4 Qc5 20. Bf3 Ne4 21. Bxe4 dxe4 22. Qb2 Rxa1 23. Rxa1 Qg5 24. Kh1 Qh4 25. Kh2 Rc5 26. Qe2 Rh5 27. Qf1 Qf6 28. Kg1 Kh7 29. Rb1 Rc5 30. Rc1 Rg5 31. Kh1 b6 32. Rc7 Qd6 33. Qc4 Rd5 34. h4 Bxb5 35. Qc2 Bd3 36. Qc3 Qf6 37. Kg1 Qxh4 38. Rxf7 Rg5 39. Qc8 Qg4 40. Qxg4 Rxg4 41. Rb7 Rg6 42. Kh2 Bf1 43. g3 Rf6 44. Kg1 Bd3 45. Kg2 Kg6 46. g4 h5 47. gxh5+ Kxh5 48. Rxg7 1/2-1/2

[Event "Alushta Autumn 1st"]
[Site "Alushta"]
[Date "2010.09.07"]
[Round "7"]
[White "Iljin, Timofey"]
[Black "Kuzmin, Gennadi P"]
[Result "1/2-1/2"]
[WhiteElo "2398"]
[BlackElo "2431"]
[PlyCount "25"]
[EventDate "2010.09.02"]
[EventType "tourn"]
[EventRounds "14"]
[EventCountry "UKR"]
[EventCategory "6"]
[SourceTitle "CBM 138 Extra"]
[Source "ChessBase"]
[SourceDate "2010.10.29"]
[SourceVersion "1"]
[SourceVersionDate "2010.10.29"]
[SourceQuality "1"]

1. d4 Nf6 2. c4 c5 3. d5 d6 4. Nc3 g6 5. e4 Bg7 6. f4 0-0 7. Nf3 b5 8. cxb5 a6 9. bxa6 Qa5 10. Bd2 Bxa6 11. Be2 Qb4 12. e5 Ne4 13. Rg1 1/2-1/2

[Event "Alushta Autumn 1st"]
[Site "Alushta"]
[Date "2010.09.06"]
[Round "5"]
[White "Kharchenko, Boris"]
[Black "Kuzmin, Gennadi P"]
[Result "1/2-1/2"]
[WhiteElo "2442"]
[BlackElo "2431"]
[PlyCount "68"]
[EventDate "2010.09.02"]
[EventType "tourn"]
[EventRounds "14"]
[EventCountry "UKR"]
[EventCategory "6"]
[SourceTitle "CBM 138 Extra"]
[Source "ChessBase"]
[SourceDate "2010.10.29"]
[SourceVersion "1"]
[SourceVersionDate "2010.10.29"]
[SourceQuality "1"]

1. e4 g6 2. d4 Bg7 3. Nc3 c6 4. Nf3 d6 5. Be3 Qb6 6. Rb1 Nf6 7. h3 Qc7 8. a3 0-0 9. Bd3 a5 10. Qd2 Na6 11. Bxa6 Rxa6 12. Bh6 Re8 13. Bxg7 Kxg7 14. 0-0 e5 15. Rfe1 Bd7 16. b3 Raa8 17. Qe3 b5 18. Rbd1 b4 19. Nb1 d5 20. Nxe5 dxe4 21. Qf4 Rac8 22. Nd2 Be6 23. Nxe4 Nxe4 24. Qxe4 f6 25. Nd3 Bxb3 26. cxb3 Rxe4 27. Rxe4 Qf7 28. Nc5 Re8 29. Rxe8 Qxe8 30. Kf1 Kf7 31. Rd3 Qd8 32. Rd1 Qd5 33. Rd3 g5 34. Kg1 h5 1/2-1/2

[Event "Pardubice op-B"]
[Site "Pardubice"]
[Date "2009.07.29"]
[Round "6"]
[White "Kuzmin, Gennadi P"]
[Black "Nikolaev, Leonid"]
[Result "1-0"]
[WhiteElo "2430"]
[BlackElo "2299"]
[PlyCount "63"]
[EventDate "2009.07.24"]
[EventType "swiss"]
[EventRounds "9"]
[EventCountry "CZE"]
[SourceTitle "CBM 131 Extra"]
[Source "ChessBase"]
[SourceDate "2009.09.03"]
[SourceVersion "2"]
[SourceVersionDate "2009.09.16"]
[SourceQuality "1"]

1. d4 Nf6 2. Nf3 g6 3. c4 Bg7 4. Nc3 d6 5. e4 0-0 6. Be2 c5 7. d5 e6 8. dxe6 Bxe6 9. 0-0 Nc6 10. Re1 Qb6 11. h3 Rfe8 12. Bf1 Nd4 13. Rb1 Nd7 14. Ng5 h6 15. Nxe6 fxe6 16. Be3 Qd8 17. Nb5 Nxb5 18. cxb5 Ne5 19. f4 Nf7 20. Bc4 Qf6 21. Qb3 Rad8 22. Re2 b6 23. Rf1 Re7 24. e5 dxe5 25. fxe5 Qxe5 26. Bf2 Qc7 27. Rxe6 Rxe6 28. Bxe6 Rf8 29. Bg3 Bd4+ 30. Kh1 Qe7 31. Bb8 Kg7 32. Bxf7 1-0

[Event "Pardubice op-B"]
[Site "Pardubice"]
[Date "2009.07.26"]
[Round "3"]
[White "Sladek, Vladislav"]
[Black "Kuzmin, Gennadi P"]
[Result "0-1"]
[WhiteElo "2100"]
[BlackElo "2430"]
[PlyCount "100"]
[EventDate "2009.07.24"]
[EventType "swiss"]
[EventRounds "9"]
[EventCountry "CZE"]
[SourceTitle "CBM 131 Extra"]
[Source "ChessBase"]
[SourceDate "2009.09.03"]
[SourceVersion "2"]
[SourceVersionDate "2009.09.16"]
[SourceQuality "1"]

1. e4 g6 2. d4 Bg7 3. Nc3 d6 4. Nf3 Nf6 5. Be2 0-0 6. h3 Nbd7 7. 0-0 a6 8. a4 c5 9. Be3 cxd4 10. Bxd4 Qc7 11. Qd2 Nc5 12. Bxf6 Bxf6 13. Nd5 Qd8 14. Nxf6+ exf6 15. Qd4 Re8 16. Bd3 Qe7 17. Rfe1 Bd7 18. b3 Bc6 19. Nd2 Rad8 20. Nc4 Ne6 21. Qe3 Qc7 22. Qb6 Qc8 23. Qb4 Qd7 24. Nb6 Qc7 25. Nd5 Bxd5 26. exd5 Nc5 27. Qc3 Kg7 28. b4 Ne6 29. Qxc7 Nxc7 30. c4 a5 31. bxa5 Na6 32. Kf1 Nc5 33. Bc2 Kf8 34. Rab1 Ra8 35. Rb5 Rxe1+ 36. Kxe1 Ke7 37. Kd2 Kd7 38. g4 Kc7 39. h4 Re8 40. Rb1 Kd7 41. h5 Ra8 42. Rb5 gxh5 43. gxh5 h6 44. Rb1 Ke7 45. Kc3 Rg8 46. Re1+ Kd8 47. Re3 Rg5 48. Bd1 Rf5 49. Rf3 Rxh5 50. Rxf6 Ne4+ 0-1

[Event "UKR-ch"]
[Site "Alushta"]
[Date "2009.05.15"]
[Round "5"]
[White "Klementev, Oleg"]
[Black "Kuzmin, Gennadi P"]
[Result "1/2-1/2"]
[WhiteElo "2240"]
[BlackElo "2443"]
[PlyCount "87"]
[EventDate "2009.05.11"]
[EventType "swiss"]
[EventRounds "9"]
[EventCountry "UKR"]
[SourceTitle "CBM 130 Extra"]
[Source "ChessBase"]
[SourceDate "2009.07.02"]
[SourceVersion "2"]
[SourceVersionDate "2009.07.15"]
[SourceQuality "1"]

1. e4 e5 2. Nf3 d6 3. Bc4 Be7 4. d3 Nf6 5. Nc3 0-0 6. Nd5 Nxd5 7. Bxd5 Nd7 8. a3 Nc5 9. Be3 Ne6 10. h4 Bf6 11. Ng5 Nxg5 12. hxg5 Bxg5 13. Qh5 h6 14. Kd2 c6 15. Ba2 Bxe3+ 16. fxe3 Be6 17. g4 Bxa2 18. Rxa2 Qg5 19. Qxg5 hxg5 20. Raa1 g6 21. Raf1 Kg7 22. Rh2 Rad8 23. Rfh1 d5 24. Rh7+ Kf6 25. exd5 cxd5 26. Ke2 b5 27. e4 d4 28. a4 Rc8 29. Kd2 b4 30. b3 Ke6 31. Rf1 Rc6 32. Rf2 Ke7 33. Kd1 Rf6 34. Rxf6 Kxf6 35. Ke2 Ke7 36. Kd1 Rc8 37. Kd2 a5 38. Kd1 Ke6 39. Rh6 Rf8 40. Ke2 Ke7 41. Rh7 Kd6 42. Rh6 Kc7 43. Rh7 Kb8 44. Rg7 1/2-1/2

[Event "UKR-ch"]
[Site "Alushta"]
[Date "2009.05.12"]
[Round "2"]
[White "Kuzmin, Gennadi P"]
[Black "Arkhipov, Vladimir"]
[Result "1-0"]
[WhiteElo "2443"]
[BlackElo "2183"]
[PlyCount "75"]
[EventDate "2009.05.11"]
[EventType "swiss"]
[EventRounds "9"]
[EventCountry "UKR"]
[SourceTitle "CBM 130 Extra"]
[Source "ChessBase"]
[SourceDate "2009.07.02"]
[SourceVersion "2"]
[SourceVersionDate "2009.07.15"]
[SourceQuality "1"]

1. e4 c6 2. c4 d5 3. exd5 cxd5 4. d4 Nf6 5. Nc3 g6 6. cxd5 Bg7 7. Bc4 0-0 8. Nge2 Na6 9. 0-0 b6 10. Bf4 Nc7 11. Be5 Ncxd5 12. Nxd5 Nxd5 13. Bxd5 Qxd5 14. Nc3 Qd7 15. Bxg7 Kxg7 16. d5 Bb7 17. Re1 Kg8 18. Re5 Rfe8 19. Qb3 Qd6 20. Rae1 a6 21. Qd1 b5 22. a3 Rac8 23. Qe2 Kf8 24. Qe3 Rc4 25. h4 Rxh4 26. f4 Rh5 27. Qd4 Qf6 28. Rf1 Rd8 29. Ne4 Qg7 30. Qb6 Re8 31. Qxb7 Rxe5 32. fxe5 Qxe5 33. d6 Qd4+ 34. Kh2 Qxb2 35. Qd5 Qg7 36. d7 Rd8 37. Ng5 Qh6+ 38. Kg1 1-0

[Event "Elista Chess City op 10th"]
[Site "Elista"]
[Date "2008.09.19"]
[Round "6"]
[White "Kuzmin, Gennadi P"]
[Black "Amanov, Zhanibek"]
[Result "1-0"]
[WhiteElo "2469"]
[BlackElo "2382"]
[PlyCount "61"]
[EventDate "2008.09.16"]
[EventType "swiss"]
[EventRounds "9"]
[EventCountry "RUS"]
[SourceTitle "CBM 126 Extra"]
[Source "ChessBase"]
[SourceDate "2008.11.05"]
[SourceVersion "1"]
[SourceVersionDate "2008.11.05"]
[SourceQuality "1"]

1. e4 c5 2. Nf3 Nc6 3. d4 cxd4 4. Nxd4 Nf6 5. Nc3 d6 6. Be2 g6 7. Nb3 Bg7 8. Bg5 0-0 9. 0-0 a6 10. a4 Be6 11. f4 Na5 12. Kh1 Qb6 13. Nxa5 Qxa5 14. f5 Bd7 15. Bc4 Rae8 16. Bb3 Bc6 17. Qe1 Qe5 18. Bf4 Qc5 19. Rd1 Qb4 20. Bd2 Qb6 21. Be3 Qc7 22. Qh4 b5 23. axb5 axb5 24. Bg5 b4 25. Nd5 Bxd5 26. exd5 Rb8 27. Rf3 h5 28. h3 Rb5 29. Rg3 Kh7 30. Bc4 Rc5 31. Bd3 1-0

[Event "Elista Chess City op 10th"]
[Site "Elista"]
[Date "2008.09.18"]
[Round "4"]
[White "Kuzmin, Gennadi P"]
[Black "Olenina, Aysa"]
[Result "1-0"]
[WhiteElo "2469"]
[BlackElo "1972"]
[PlyCount "111"]
[EventDate "2008.09.16"]
[EventType "swiss"]
[EventRounds "9"]
[EventCountry "RUS"]
[SourceTitle "CBM 126 Extra"]
[Source "ChessBase"]
[SourceDate "2008.11.05"]
[SourceVersion "1"]
[SourceVersionDate "2008.11.05"]
[SourceQuality "1"]

1. e4 e5 2. Nf3 Nc6 3. Bb5 a6 4. Ba4 Nf6 5. 0-0 Be7 6. Re1 b5 7. Bb3 d6 8. c3 0-0 9. h3 Na5 10. Bc2 c5 11. d4 Qc7 12. d5 c4 13. b4 Nb7 14. a4 Bd7 15. Bg5 Rfb8 16. a5 Re8 17. Nbd2 Nh5 18. Be3 Nf4 19. Nf1 Qc8 20. Qd2 Ng6 21. Kh2 f5 22. exf5 Bxf5 23. Ng3 Bxc2 24. Qxc2 Nd8 25. Nf5 Nf7 26. Qe4 Bf6 27. Rad1 Qd7 28. g3 Kh8 29. Rg1 Ne7 30. g4 Rf8 31. Ng3 Ng6 32. g5 Be7 33. h4 Nd8 34. Ne2 Qf5 35. Qxf5 Rxf5 36. Kg3 Nb7 37. Nd2 Raf8 38. Ne4 h5 39. Rh1 Kh7 40. Kg2 Nf4+ 41. Bxf4 exf4 42. Kf3 Nd8 43. Rhg1 g6 44. Nd4 Rxd5 45. Ne6 Rff5 46. Nxd8 Bxd8 47. Nxd6 Rxd1 48. Rxd1 Rf8 49. Ne4 Be7 50. Rd7 Rf7 51. Ra7 Kg7 52. Rxa6 Bd8 53. Nc5 Kh7 54. Ne6 Be7 55. Ra7 Kg8 56. a6 1-0

[Event "Elista Chess City op 10th"]
[Site "Elista"]
[Date "2008.09.17"]
[Round "3"]
[White "Kovalenko, Alexander"]
[Black "Kuzmin, Gennadi P"]
[Result "0-1"]
[WhiteElo "2263"]
[BlackElo "2469"]
[PlyCount "94"]
[EventDate "2008.09.16"]
[EventType "swiss"]
[EventRounds "9"]
[EventCountry "RUS"]
[SourceTitle "CBM 126 Extra"]
[Source "ChessBase"]
[SourceDate "2008.11.05"]
[SourceVersion "1"]
[SourceVersionDate "2008.11.05"]
[SourceQuality "1"]

1. c4 e6 2. g3 d5 3. Bg2 c5 4. cxd5 exd5 5. d4 Nf6 6. Nf3 h6 7. Nc3 Nc6 8. 0-0 Be6 9. Qa4 a6 10. Ne5 Rc8 11. dxc5 Bxc5 12. e3 0-0 13. Nxc6 Rxc6 14. Ne2 b5 15. Qd1 Bg4 16. f3 Bf5 17. Nd4 Bxd4 18. exd4 Bc2 19. Qd2 Bg6 20. Re1 Qb6 21. b3 Rfc8 22. Qf2 Rc2 23. Bd2 Rb2 24. Rac1 Rxc1 25. Rxc1 Rxa2 26. b4 Qe6 27. Bf1 Rb2 28. Rc3 Qf5 29. Bd3 Qh5 30. Qe3 Bxd3 31. Rc8+ Kh7 32. Qxd3+ Ne4 33. Rc2 Rxc2 34. Qxc2 Qxf3 35. Bf4 g5 36. Bc1 Kg7 37. Qb2 h5 38. Qc2 f6 39. Qb2 Kg6 40. Qc2 h4 41. gxh4 Qg4+ 42. Kf1 Qh3+ 43. Kg1 Qxh4 44. Qe2 Qh5 45. Qxh5+ Kxh5 46. Kg2 Nd6 47. h3 Nc4 0-1

[Event "UKR-ch sf"]
[Site "Alushta"]
[Date "2008.05.14"]
[Round "4"]
[White "Seletsky, Grigory"]
[Black "Kuzmin, Gennadi P"]
[Result "1/2-1/2"]
[WhiteElo "2310"]
[BlackElo "2469"]
[PlyCount "153"]
[EventDate "2008.05.10"]
[EventType "swiss"]
[EventRounds "9"]
[EventCountry "UKR"]
[SourceTitle "CBM 124 Extra"]
[Source "ChessBase"]
[SourceDate "2008.07.03"]
[SourceVersion "1"]
[SourceVersionDate "2008.07.03"]
[SourceQuality "1"]

1. e4 g6 2. d4 Bg7 3. Nc3 c6 4. Nf3 d6 5. Be3 Nd7 6. Qd2 b5 7. Bd3 Bb7 8. Ne2 a6 9. Ng3 c5 10. c3 Ngf6 11. h3 0-0 12. 0-0 Re8 13. Bh6 cxd4 14. cxd4 Nb6 15. Qg5 e6 16. Rfe1 Rc8 17. Qh4 Qe7 18. Bg5 e5 19. d5 Nbd7 20. Nh2 Qf8 21. Ng4 Nxg4 22. hxg4 Nc5 23. Be2 Rc7 24. f3 Rec8 25. Kf2 f6 26. Be3 Rf7 27. Rh1 Bh8 28. Rh3 Rcc7 29. Rah1 Qd8 30. Qh6 Rg7 31. Rc1 Na4 32. Rxc7 Rxc7 33. b3 Nc5 34. Rh1 Bc8 35. Rc1 Bd7 36. Qh1 Rc8 37. Qd1 Bg7 38. Qd2 Bf8 39. Qe1 a5 40. Qd2 Qb6 41. Rc2 Bh6 42. Kf1 Bxe3 43. Qxe3 b4 44. Nh1 a4 45. bxa4 Ra8 46. Nf2 Rxa4 47. Rb2 Bb5 48. Bxb5 Qxb5+ 49. Qe2 Qa5 50. Qd2 Qa6+ 51. Qe2 Qa7 52. Kg1 Kg7 53. Kh2 Qa5 54. Qd2 Ra3 55. Qxb4 Qxb4 56. Rxb4 Rxa2 57. Nh3 Nd3 58. Rb1 h5 59. gxh5 gxh5 60. Rd1 Ra3 61. Rd2 Kg6 62. Re2 Nc5 63. Rb2 Rb3 64. Rxb3 Nxb3 65. Kg3 f5 66. Kf2 Nc5 67. Ke3 Kf6 68. g3 Kg6 69. Nf2 Kf6 70. Nh3 fxe4 71. fxe4 Nb3 72. Kf3 Nd4+ 73. Ke3 Kg6 74. Kf2 Nb3 75. Ke3 Nc5 76. Kf3 Kf6 77. Ke3 1/2-1/2

[Event "UKR-ch sf"]
[Site "Alushta"]
[Date "2008.05.13"]
[Round "3"]
[White "Kuzmin, Gennadi P"]
[Black "Pervakov, Sergey"]
[Result "1-0"]
[WhiteElo "2469"]
[BlackElo "2230"]
[PlyCount "51"]
[EventDate "2008.05.10"]
[EventType "swiss"]
[EventRounds "9"]
[EventCountry "UKR"]
[SourceTitle "CBM 124 Extra"]
[Source "ChessBase"]
[SourceDate "2008.07.03"]
[SourceVersion "1"]
[SourceVersionDate "2008.07.03"]
[SourceQuality "1"]

1. e4 Nf6 2. e5 Nd5 3. d4 d6 4. Nf3 Nb6 5. a4 a5 6. h3 Nc6 7. Bb5 d5 8. 0-0 e6 9. Nh2 Bd7 10. c3 Ne7 11. Bd3 c5 12. dxc5 Nc4 13. Nf3 Nc6 14. Bxc4 dxc4 15. Be3 Qc7 16. Na3 Nxe5 17. Nxe5 Qxe5 18. Nxc4 Qe4 19. Qd4 Bc6 20. Qxe4 Bxe4 21. Rfd1 Be7 22. f3 Bc6 23. b4 axb4 24. Nb6 Rd8 25. cxb4 0-0 26. b5 1-0

[Event "Obninsk"]
[Site "Obninsk"]
[Date "2007.12.19"]
[Round "8"]
[White "Kuzmin, Gennadi P"]
[Black "Benza, Artem"]
[Result "1-0"]
[WhiteElo "2465"]
[BlackElo "2344"]
[PlyCount "63"]
[EventDate "2007.12.14"]
[EventType "tourn"]
[EventRounds "10"]
[EventCountry "RUS"]
[EventCategory "8"]
[SourceTitle "CBM 122 Extra"]
[Source "ChessBase"]
[SourceDate "2008.03.04"]
[SourceVersion "1"]
[SourceVersionDate "2008.03.04"]
[SourceQuality "1"]

1. e4 c5 2. Nf3 d6 3. d4 cxd4 4. Nxd4 Nf6 5. Nc3 a6 6. f4 Qc7 7. Bd3 Nc6 8. Nf3 g6 9. 0-0 Bg7 10. Kh1 0-0 11. Qe1 Bg4 12. Qh4 b5 13. a3 b4 14. axb4 Nxb4 15. f5 Bxf3 16. Rxf3 Nc6 17. Rh3 h5 18. g4 Nxg4 19. fxg6 Nce5 20. Nd5 Qd7 21. Nxe7+ Kh8 22. Qxh5+ Bh6 23. Qxh6+ Nxh6 24. Rxh6+ Kg7 25. Nf5+ Kf6 26. g7+ Ng6 27. gxf8Q Rxf8 28. Rxa6 Qb7 29. Rxd6+ Ke5 30. Rd5+ Kf6 31. Bg5+ Ke6 32. Nd4# 1-0

[Event "Obninsk"]
[Site "Obninsk"]
[Date "2007.12.14"]
[Round "1"]
[White "Ivanov, Alexander Al"]
[Black "Kuzmin, Gennadi P"]
[Result "1-0"]
[WhiteElo "2398"]
[BlackElo "2465"]
[PlyCount "91"]
[EventDate "2007.12.14"]
[EventType "tourn"]
[EventRounds "10"]
[EventCountry "RUS"]
[EventCategory "8"]
[SourceTitle "CBM 122 Extra"]
[Source "ChessBase"]
[SourceDate "2008.03.04"]
[SourceVersion "1"]
[SourceVersionDate "2008.03.04"]
[SourceQuality "1"]

1. e4 c5 2. Nf3 d6 3. d4 cxd4 4. Nxd4 Nf6 5. Nc3 Nc6 6. Bg5 h6 7. Bxf6 gxf6 8. Bc4 Qb6 9. Ndb5 a6 10. Nd5 Qa5+ 11. b4 Nxb4 12. Nbc7+ Kd8 13. Nxa8 Nxd5+ 14. Qd2 Nb4 15. 0-0 Qc5 16. Bxf7 Nc6 17. Rab1 b5 18. Qd5 Qxd5 19. Bxd5 Nd4 20. Nb6 e6 21. Ba8 Be7 22. a4 Kc7 23. a5 Bb7 24. Bxb7 Kxb7 25. c4 Bd8 26. cxb5 axb5 27. Nd7 Ne2+ 28. Kh1 Nc3 29. Rb3 Nxe4 30. Rc1 Rh7 31. Nf8 Re7 32. Rxb5+ Ka6 33. Rb8 Bxa5 34. Ra8+ Ra7 35. Rxa7+ Kxa7 36. Nxe6 Nxf2+ 37. Kg1 Ne4 38. g4 Kb7 39. Kg2 Bc3 40. Kf3 d5 41. Nc5+ Nxc5 42. Rxc3 Kc6 43. Kf4 d4 44. Rh3 Ne6+ 45. Kf5 Kd5 46. Kxf6 1-0

[Event "Lugansk-A"]
[Site "Lugansk"]
[Date "2007.10.??"]
[Round "6"]
[White "Bryzgalin, Kirill"]
[Black "Kuzmin, Gennadi P"]
[Result "1/2-1/2"]
[WhiteElo "2512"]
[BlackElo "2465"]
[PlyCount "23"]
[EventDate "2007.10.??"]
[EventType "tourn"]
[EventRounds "17"]
[EventCountry "UKR"]
[EventCategory "6"]
[SourceTitle "EXT 2009"]
[Source "ChessBase"]
[SourceDate "2008.11.26"]
[SourceVersion "1"]
[SourceVersionDate "2008.11.26"]
[SourceQuality "1"]

1. e4 e5 2. Nf3 Nf6 3. Nc3 Nc6 4. Bb5 Bb4 5. 0-0 0-0 6. d3 Bxc3 7. bxc3 d6 8. Re1 Bd7 9. h3 Ne7 10. Bxd7 Qxd7 11. Bg5 Qe6 12. c4 1/2-1/2

[Event "Lugansk-A"]
[Site "Lugansk"]
[Date "2007.10.??"]
[Round "1"]
[White "Khlian, Eduard"]
[Black "Kuzmin, Gennadi P"]
[Result "1/2-1/2"]
[WhiteElo "2444"]
[BlackElo "2465"]
[PlyCount "32"]
[EventDate "2007.10.??"]
[EventType "tourn"]
[EventRounds "17"]
[EventCountry "UKR"]
[EventCategory "6"]
[SourceTitle "EXT 2009"]
[Source "ChessBase"]
[SourceDate "2008.11.26"]
[SourceVersion "1"]
[SourceVersionDate "2008.11.26"]
[SourceQuality "1"]

1. d4 Nf6 2. Nf3 e6 3. c4 Bb4+ 4. Nbd2 b6 5. e3 Bb7 6. Be2 0-0 7. 0-0 d5 8. a3 Bd6 9. b4 Ne4 10. Bb2 Nxd2 11. Nxd2 dxc4 12. Nxc4 Nd7 13. f3 Qh4 14. Nxd6 cxd6 15. Qd2 Rfc8 16. Rfc1 Qg5 1/2-1/2

[Event "Lugansk-A"]
[Site "Lugansk"]
[Date "2007.10.??"]
[Round "2"]
[White "Kuzmin, Gennadi P"]
[Black "Blednov, Stanislav"]
[Result "1-0"]
[WhiteElo "2465"]
[BlackElo "2274"]
[PlyCount "45"]
[EventDate "2007.10.??"]
[EventType "tourn"]
[EventRounds "17"]
[EventCountry "UKR"]
[EventCategory "6"]
[SourceTitle "EXT 2009"]
[Source "ChessBase"]
[SourceDate "2008.11.26"]
[SourceVersion "1"]
[SourceVersionDate "2008.11.26"]
[SourceQuality "1"]

1. e4 Nf6 2. Nc3 d5 3. e5 Nfd7 4. d4 e6 5. Nf3 c5 6. dxc5 Nc6 7. Bf4 Bxc5 8. Bd3 h6 9. Bg3 a6 10. 0-0 b5 11. Re1 0-0 12. Ne2 Bb7 13. c3 Nb6 14. Bc2 f5 15. exf6 Qxf6 16. Nf4 Rae8 17. Qd3 Qf5 18. Nxe6 Qxd3 19. Bxd3 Rxf3 20. gxf3 Bf8 21. Re2 Kf7 22. Rae1 Rc8 23. Bf5 1-0

[Event "Lugansk-A"]
[Site "Lugansk"]
[Date "2007.10.??"]
[Round "11"]
[White "Kuzmin, Gennadi P"]
[Black "Garakov, Mikhael"]
[Result "1/2-1/2"]
[WhiteElo "2465"]
[BlackElo "2412"]
[PlyCount "34"]
[EventDate "2007.10.??"]
[EventType "tourn"]
[EventRounds "17"]
[EventCountry "UKR"]
[EventCategory "6"]
[SourceTitle "EXT 2009"]
[Source "ChessBase"]
[SourceDate "2008.11.26"]
[SourceVersion "1"]
[SourceVersionDate "2008.11.26"]
[SourceQuality "1"]

1. e4 e5 2. Nf3 Nc6 3. Bb5 a6 4. Ba4 Nf6 5. 0-0 Be7 6. Re1 b5 7. Bb3 d6 8. d4 0-0 9. c3 Bg4 10. h3 Bxf3 11. Qxf3 exd4 12. Qd1 dxc3 13. Nxc3 Na5 14. Bc2 c5 15. Bf4 Nc6 16. Bb3 Na5 17. Bc2 Nc6 1/2-1/2

[Event "Lugansk-A"]
[Site "Lugansk"]
[Date "2007.10.??"]
[Round "8"]
[White "Lastin, Alexander"]
[Black "Kuzmin, Gennadi P"]
[Result "1/2-1/2"]
[WhiteElo "2597"]
[BlackElo "2465"]
[PlyCount "32"]
[EventDate "2007.10.??"]
[EventType "tourn"]
[EventRounds "17"]
[EventCountry "UKR"]
[EventCategory "6"]
[SourceTitle "EXT 2009"]
[Source "ChessBase"]
[SourceDate "2008.11.26"]
[SourceVersion "1"]
[SourceVersionDate "2008.11.26"]
[SourceQuality "1"]

1. d4 d5 2. c4 c6 3. Nf3 Nf6 4. e3 a6 5. Qc2 Bg4 6. Ne5 Bh5 7. Qb3 Qc7 8. cxd5 cxd5 9. Nc3 e6 10. Bd2 Nc6 11. Rc1 Bd6 12. f4 0-0 13. Bd3 Na5 14. Qc2 Nc4 15. Ne2 Bxe2 16. Bxe2 b5 1/2-1/2